000 00760nam a2200241Ia 4500
003 OSt
005 20220925230840.0
006 a|||||r|||| 00| 0
007 ta
008 220923b |||||||| |||| 00| 0 eng d
020 _a9788178297781
_c505.75
037 _b542/PBD/07-08, 11/01/2008, PIONEER BOOK DISTRIBUTORS
_cGeneral Book
040 _aRTL
_cRTL
_beng
041 _2eng
_aeng
082 _aX:54.1,h95.49G, P7
100 _aKelegama Saman
_9294438
245 0 _aSouth Asia in the WTO
260 _aLos
_bAngeles Sage Pub.
_c2007
300 _a296p
_ccm.
650 _aCommerce
942 _hX:54.1,h95.49G, P7
_cGB
_2CC
999 _c586694
_d586694